[Event "ITA-ch U20 2017"]
[Site "Cosenza"]
[Date "2017.12.10"]
[Round "7"]
[White "Montilli, Vincenzo"]
[Black "Benedetto, Edoardo"]
[Result "1/2-1/2"]
[WhiteElo "2247"]
[BlackElo "2217"]
[Annotator "NA"]
[PlyCount "33"]
[EventDate "2017.??.??"]
[EventType "tourn"]
[EventCountry "ITA"]
[SourceTitle "playchess.com"]
[Source "ChessBase"]
[SourceQuality "1"]
[TimeControl "40/6000+30:20/3000+30:900+30"]

1. c4 {[%emt 0:00:19]} e6 {[%emt 0:00:06]} 2. Nf3 {[%emt 0:00:26]} d5 {[%emt 0:00:04]} 3. g3 {[%emt 0:00:39]} dxc4 {[%emt 0:00:07]} 4. Qa4+ {[%emt 0:06:25]} Nd7 {[%emt 0:00:06]} 5. Qxc4 {[%emt 0:00:06]} a6 {[%emt 0:00:04]} 6. Bg2 {[%emt 0:04:19]} b5 {[%emt 0:00:06]} 7. Qc2 {[%emt 0:00:01]} Bb7 {[%emt 0:00:06]} 8. O-O {[%emt 0:00:24]} Ngf6 {[%emt 0:00:06]} 9. Nc3 {[%emt 0:00:25]} c5 $11 {[%emt 0:01:00] LiveBook: 14 Games} 10. a4 {[%emt 0:00:37]} Qb6 {[%emt 0:00:06]} 11. d3 {[%emt 0:00:14]} Rc8 {[%emt 0:01:05]} 12. axb5 {[%emt 0:07:05]} axb5 {[%emt 0:00:09]} 13. Qb3 {[%emt 0:01:53]} b4 {[%emt 0:08:27]} 14. Na4 {[%emt 0:08:58]} Qb5 {[%emt 0:06:10]} 15. Nc3 {[%emt 0:00:59]} Qb6 {[%emt 0:02:04]} 16. Na4 {[%emt 0:00:19]} Qb5 {[%emt 0:00:52]} 17. Nc3 {[%emt 0:00:57]} 1/2-1/2

[Event "ITA-ch U20 2017"]
[Site "Cosenza"]
[Date "2017.12.05"]
[Round "7"]
[White "Di Benedetto, Edoardo"]
[Black "Belli, Giorgio"]
[Result "1/2-1/2"]
[WhiteElo "2217"]
[BlackElo "2241"]
[Annotator "TA"]
[PlyCount "78"]
[EventDate "2017.??.??"]
[EventType "tourn"]
[EventCountry "ITA"]
[SourceTitle "playchess.com"]
[Source "ChessBase"]
[SourceQuality "1"]

{[%evp 18,78,0,0,0,-4,-11,-19,-15,0,-8,-8,-11,-49,0,-54,-54,-57,-54,-52,-64,-91,-93,-101,-75,-66,-68,-70,-40,-73,-26,-30,-24,-49,-51,-51,-52,-49,-46,-58,-45,-53,-52,-50,-41,-40,-12,-17,-18,-26,-22,-26,-22,-40,-20,-35,-20,-28,-6,-41,-17,-45,0]} 1. e4 e5 2. Nf3 Nc6 3. Bb5 a6 4. Ba4 Nf6 5. O-O Be7 6. d3 d6 7. h3 b5 8. Bb3 Na5 9. Nc3 Nxb3 10. axb3 Bb7 {C77: Ruy Lopez: 3...a6 4 Ba4 Nf6, unusual lines} 11. Re1 O-O 12. Bg5 Re8 {The position is equal.} 13. Nh2 $146 ({Predecessor:} 13. Qd2 Qd7 14. Ra2 h6 15. Bh4 g5 16. Bg3 Nh5 17. Ne2 f5 18. Nc3 f4 {0-1 (35) Yilmaz,G (1930)-Donaldson Akhmilovskaya,E (2290) Dubai 1986}) 13... h6 {[%cal Bh7h6,Bh6h5][%mdl 32]} 14. Bxf6 Bxf6 15. Ng4 c6 16. Qf3 (16. Nxf6+ $11 Qxf6 17. Ne2) 16... Bg5 $15 17. Rad1 h5 18. Ne3 g6 19. d4 exd4 20. Rxd4 Bf6 21. Rdd1 Be5 22. Nf1 Qh4 23. Qd3 Re6 24. Nd2 $1 Qe7 25. b4 Re8 26. Nf3 Bxc3 $1 27. Qxc3 c5 28. Nd2 cxb4 29. Qxb4 d5 30. Qxe7 R6xe7 31. e5 f6 32. e6 Rxe6 33. Rxe6 Rxe6 $11 {[%mdl 4096] Endgame KRB-KRN} 34. Nb3 Re2 35. Nd4 Re5 36. c3 Kf7 37. f3 Ke7 38. Kf2 Kd6 39. b4 Kc7 {Precision: White = 40%, Black = 56%.} 1/2-1/2